• 首页
  • 本馆介绍
  • 公告通知
  • 最新文献
  • 馆藏检索
  • 电子资源
  • 读者导购
  • 参考咨询
  • 我的图书馆
  • 登录
  • 详细信息显示
  • 放入我的书架
  • 预约/预借图书
  • 作者相关作品
  • 分类相关作品
  • 丛书相关作品
  • 出版社相关作品

书目信息

  • 表格格式
  • 工作单格式
  • 卡片格式
题名:
中国影子银行监管研究
    
 
作者: 阎庆民 , 李建华 著
分册:  
出版信息: 北京   中国人民大学出版社  2014
页数: 318页
开本: 24cm
丛书名:
单 册:
中图分类: F832.1
科图分类:
主题词: 银行体系--Yin Hang Ti Xi--银行监管--研究--中国
电子资源:
ISBN: 978-7-300-19034-1
000 01189nam0 22002531 450
001 350057
005 20161009105131.68
010    @a978-7-300-19034-1@b精装@dCNY69.00
100    @a20140526d2014 em y0chiy50 ea
101 0  @achi
102    @aCN@b110000
105    @ay z 000yy
106    @ar
200 1  @a中国影子银行监管研究@AZhong Guo Ying Zi Yin Hang Jian Guan Yan Jiu@f阎庆民,李建华著
210    @a北京@c中国人民大学出版社@d2014
215    @a318页@d24cm
300    @a中国金融四十人论坛书系/管涛等主编
330    @a本书首先在对影子银行理论进行梳理的基础上对我国的影子银行进行了重点分析,区分了广义上的影子银行和狭义上的影子银行,提出了狭义影子银行的认定标准。随后结合该认定标准,对我国目前的类银行机构与业务是否属于影子银行进行了分析和判断。在此基础上,书中重点研究了影子银行对宏观经济、货币政策以及整个金融体系的影响。最后,借鉴国际上对影子银行的监管经验,结合我国的国情和现状,提出我国影子银行的监管框架和政策建议。
606 0  @a银行体系@AYin Hang Ti Xi@x银行监管@x研究@y中国
690    @aF832.1@v5
701  0 @a阎庆民@AYan Qing Min@f(1961~)@4著
701  0 @a李建华@ALi Jian Hua@f(1965~2014)@4著
801  0 @aCN@bTANGWEI@20160802
905    @b0888110-4@dF832.1@e135@f5
    
    中国影子银行监管研究/阎庆民,李建华著.-北京:中国人民大学出版社,2014
    318页;24cm
    中国金融四十人论坛书系/管涛等主编
    
    ISBN 978-7-300-19034-1(精装):CNY69.00
    本书首先在对影子银行理论进行梳理的基础上对我国的影子银行进行了重点分析,区分了广义上的影子银行和狭义上的影子银行,提出了狭义影子银行的认定标准。随后结合该认定标准,对我国目前的类银行机构与业务是否属于影子银行进行了分析和判断。在此基础上,书中重点研究了影子银行对宏观经济、货币政策以及整个金融体系的影响。最后,借鉴国际上对影子银行的监管经验,结合我国的国情和现状,提出我国影子银行的监管框架和政策建议。
●
相关链接 在E读中查询图书 在五车中查询图书 在当当中查询图书 在豆瓣中查询图书


正题名:中国影子银行监管研究     索取号:F832.1/135         预约/预借

序号 登录号 条形码 馆藏地/架位号 状态 备注
1 0888110   208881101   第一样本阅览室/ [索取号:F832.1/135] 在馆    
2 0888111   208881110   第一借阅区/ [索取号:F832.1/135] 在馆    
3 0888112   208881129   第一借阅区/ [索取号:F832.1/135] 在馆    
4 0888113   208881138   第一借阅区/ [索取号:F832.1/135] 在馆    
5 0888114   208881147   经管系资料室/ [索取号:F832.1/135] 在馆    
唐山师范学院图书馆 欢迎您!
大连网信软件有限公司© 版权所有